[Event "BUL-ch"]
[Site "Sofia"]
[Date "1981.??.??"]
[Round "9"]
[White "Lukov, Valentin"]
[Black "Spassov, Liuben"]
[Result "1-0"]
[WhiteElo "2395"]
[BlackElo "2460"]

1.e4 c5 2.Nf3 d6 3.d4 cxd4 4.Nxd4 Nf6 5.Nc3 Nc6 6.Bg5 e6 7.Qd2 a6 8.O-O-O h6
9.Bf4 Bd7 10.Nxc6 Bxc6 11.Qe1 Qa5 12.f3 e5 13.Bg3 b5 14.Nd5 Qxe1 15.Nxf6+ gxf6
16.Bxe1 a5 17.a3 h5 18.Kb1 Rg8 19.h3 Ke7 20.g4 Bh6 21.b4 axb4 22.Bxb4 Rgd8
23.Rd3 h4 24.Be2 Rd7 25.Rhd1 Rad8 26.Rc3 Rc8 27.Bxb5 Bxb5 28.Rxc8 Be2 29.Rxd6 Rxd6
30.Rc6 Bg5 31.Rxd6 Ke8 32.Rd3 Bf1 33.a4 Bxh3 34.a5 Bf1 35.a6 Bxd3 36.a7 Bf1
37.a8=Q+ Kd7 38.Qb7+  1-0

[Event "Vrnjacka Banja"]
[Site "Vrnjacka Banja"]
[Date "1981.??.??"]
[Round "7"]
[White "Barlov, Dragan"]
[Black "Martinovic, Slobodan"]
[Result "1/2-1/2"]
[WhiteElo "2405"]
[BlackElo "2475"]

1.e4 c5 2.Nf3 Nc6 3.d4 cxd4 4.Nxd4 Nf6 5.Nc3 d6 6.Bg5 e6 7.Qd2 a6 8.O-O-O h6
9.Be3 Qc7 10.f4 Be7 11.Be2 Bd7 12.g4 Nxd4 13.Qxd4 Bc6 14.g5 e5 15.Qc4 b5
16.Qd3 Nd7 17.gxh6 Rxh6 18.fxe5 Nxe5 19.Qd2 Rh4 20.Bg5 Bxg5 21.Qxg5 Rh7 22.Rd4 Kf8
23.h4 Re8 24.h5 Re6 25.Rhd1 Qe7 26.Qe3 g6 27.hxg6 Rxg6 28.Rg1 Rxg1+ 29.Qxg1 Rg7
30.Qe3 Rg6 31.a3 Qa7 32.Kb1 Qb6 33.Qd2 Ke7 34.Nd1 Bd7 35.Ne3 Be6 36.Nf5+ Bxf5
37.exf5 Rf6 38.Rf4 Qg1+ 39.Rf1 Qg2 40.Qe3 Qb7 41.Qd4 Rh6 42.a4 Rh1 43.f6+ Kd7
44.axb5 Rxf1+ 45.Bxf1 axb5 46.Qb4 Qd5 47.Bxb5+ Ke6 48.Ba4 Kxf6 49.Qh4+ Kg6
50.Qg3+ Kh5 51.Qh3+ Kg5 52.Qe3+ Kg6 53.Qg1+ Kf6 54.Bb3 Qe4 55.Qa7 Kg6 56.Qa6 Qb4
57.Qa8  1/2-1/2

[Event "Hoogovens-B"]
[Site "Wijk aan Zee"]
[Date "1981.??.??"]
[Round "1"]
[White "Van der Sterren, Paul"]
[Black "Van der Wiel, John TH"]
[Result "0-1"]
[WhiteElo "2440"]
[BlackElo "2465"]

1.e4 c5 2.Nf3 Nc6 3.d4 cxd4 4.Nxd4 Nf6 5.Nc3 d6 6.Bg5 e6 7.Qd2 a6 8.O-O-O h6
9.Be3 Bd7 10.f3 b5 11.g4 Ne5 12.Bd3 b4 13.Nce2 d5 14.Ng3 Nxd3+ 15.cxd3 e5
16.Nb3 d4 17.Bf2 a5 18.Kb1 a4 19.Nxd4 exd4 20.Bxd4 Be6 21.Qe3 Qa5 22.Nf5 Bxf5
23.gxf5 Be7 24.Rhg1 Kf8 25.f4 Rh7 26.Bxf6 Bxf6 27.e5 Bd8 28.Qe4 a3 29.b3 Rc8
30.Rc1 Rc3 31.f6 Kg8 32.Qd4 Qc7 33.Rxc3 bxc3 34.Rc1 Qb6 35.Qxb6 Bxb6 36.Rxc3 gxf6
37.exf6 Rh8 38.b4 Kh7 39.Rxa3 Kg6 40.Ra6 Bd4 41.a4 Re8 42.b5 Re2 43.Rd6 Rb2+
44.Ka1 Rb4+ 45.Ka2 Rxa4+ 46.Kb3 Ra3+ 47.Kb4 Be3 48.b6 Ra1 49.d4 Bxf4 50.Rd8 Kxf6
51.Kc5 Ke7 52.Rh8 Kd7 53.Rh7 Ra5+ 54.Kc4 Rf5 55.d5 Rf6 56.h3 Ke7  0-1

[Event "DDR-POL-CSR U26"]
[Site "Zinnowitz"]
[Date "1981.??.??"]
[Round "?"]
[White "Maziarka, H."]
[Black "Wagner Michel, Annett"]
[Result "0-1"]
[WhiteElo "1985"]
[BlackElo "2120"]

1.e4 c5 2.Nf3 Nc6 3.d4 cxd4 4.Nxd4 Nf6 5.Nc3 d6 6.Bg5 e6 7.f4 a6 8.Nxc6 bxc6
9.e5 h6 10.Bh4 g5 11.fxg5 Nd5 12.Ne4 Qa5+ 13.Qd2 Qxd2+ 14.Kxd2 dxe5 15.c4 Bb4+
16.Kc1 Nf4 17.Nf6+ Kf8 18.Ng4 Ng6 19.Bg3 hxg5 20.Nxe5 Nxe5 21.Bxe5 Rh4 22.Bd3 Bb7
23.a3 Be7 24.Rf1 c5 25.Rf2 Rd8 26.g3 Rh6 27.Kc2 f5 28.Re1 Kf7 29.Kc3 a5 30.b3 Rd7
31.Kb2 Rxd3  0-1

[Event "Baile Herculane zt"]
[Site "Baile Herculane"]
[Date "1982.??.??"]
[Round "2"]
[White "Sznapik, Aleksander"]
[Black "Radulov, Ivan"]
[Result "0-1"]
[WhiteElo "2440"]
[BlackElo "2505"]

1.e4 c5 2.Nf3 Nc6 3.d4 cxd4 4.Nxd4 Nf6 5.Nc3 d6 6.Bg5 e6 7.Qd2 a6 8.O-O-O h6
9.Be3 Nxd4 10.Bxd4 b5 11.f4 Be7 12.Bd3 Bb7 13.Qe2 Qa5 14.e5 dxe5 15.fxe5 Nd5
16.Rhf1 Nxc3 17.Bxc3 Qxa2 18.h4 O-O 19.Rf6 Rfd8 20.Qg4 b4 21.Bxb4 Qa1+ 22.Kd2 Rxd3+
23.Kxd3 Rd8+ 24.Bd6 Qxb2 25.Rxe6 Bc8  0-1

[Event "Baile Herculane zt"]
[Site "Baile Herculane"]
[Date "1982.??.??"]
[Round "3"]
[White "Radulov, Ivan"]
[Black "Csom, Istvan"]
[Result "1/2-1/2"]
[WhiteElo "2505"]
[BlackElo "2505"]

1.e4 c5 2.Nf3 Nc6 3.d4 cxd4 4.Nxd4 Nf6 5.Nc3 d6 6.Bg5 Bd7 7.Qd2 Rc8 8.Bxf6 gxf6
9.Be2 Nxd4 10.Qxd4 Qa5 11.O-O-O Qc5 12.f4 Bg7 13.f5 Bh6+ 14.Kb1 Bf4 15.Qxc5 Rxc5
16.Nd5 Be5  1/2-1/2

[Event "Baile Herculane zt"]
[Site "Baile Herculane"]
[Date "1982.??.??"]
[Round "9"]
[White "Ghinda, Mihail Viorel"]
[Black "Csom, Istvan"]
[Result "0-1"]
[WhiteElo "2425"]
[BlackElo "2505"]

1.e4 c5 2.Nf3 d6 3.d4 cxd4 4.Nxd4 Nf6 5.Nc3 Nc6 6.Bg5 e6 7.Qd2 a6 8.O-O-O h6
9.Bf4 Bd7 10.Bg3 Rc8 11.Be2 Be7 12.f4 b5 13.Bf3 Na5 14.e5 b4 15.Nce2 Nc4
16.Qd3 dxe5 17.fxe5 Qa5 18.exf6 Qxa2 19.Qxc4 Rxc4 20.fxe7 Kxe7 21.Kd2 Qa5
22.b3 Rc5 23.Ke1 e5 24.Bh4+ f6 25.Kf2 Rd8 26.Rhe1 Kf8 27.Bg3 Bc8 28.Nc6 Rxc6
29.Bxc6 Rxd1 30.Rxd1 Qc5+ 31.Nd4 exd4 32.Be4 Bg4 33.Re1 d3+ 34.Kf1 d2  0-1

[Event "Baile Herculane zt"]
[Site "Baile Herculane"]
[Date "1982.??.??"]
[Round "11"]
[White "Sax, Gyula"]
[Black "Csom, Istvan"]
[Result "1/2-1/2"]
[WhiteElo "2550"]
[BlackElo "2505"]

1.e4 c5 2.Nf3 d6 3.d4 cxd4 4.Nxd4 Nf6 5.Nc3 Nc6 6.Bg5 e6 7.Qd2 a6 8.O-O-O h6
9.Be3 Be7 10.f4 Nxd4 11.Bxd4 b5 12.Bd3 Bb7 13.Qe2 Qa5 14.e5 dxe5 15.fxe5 Nd5
16.Kb1 O-O 17.Rhf1 Rac8 18.Ne4 Nb4 19.a3 Nxd3 20.Nf6+ Bxf6 21.exf6 g6 22.Rxd3 b4
23.axb4 Qxb4 24.Qe3 Kh7 25.Rf4 g5 26.Rf2 Qc4 27.Qe2 Rg8 28.b3 Qc6 29.Be5 Qe4
30.Rd7 Rgf8 31.Qh5 Qe1+ 32.Ka2 Qa5+ 33.Kb1 Qe1+ 34.Ka2  1/2-1/2

[Event "Baile Herculane zt"]
[Site "Baile Herculane"]
[Date "1982.??.??"]
[Round "13"]
[White "Pavlov, Mircea"]
[Black "Csom, Istvan"]
[Result "1/2-1/2"]
[WhiteElo "2405"]
[BlackElo "2505"]

1.e4 c5 2.Nf3 d6 3.d4 cxd4 4.Nxd4 Nf6 5.Nc3 Nc6 6.Bg5 e6 7.Qd2 a6 8.O-O-O h6
9.Bf4 Bd7 10.Nxc6 Bxc6 11.f3 d5 12.Qe1 Be7 13.exd5 Nxd5 14.Nxd5 Bxd5 15.Bc4 Bg5
16.Qg3 Qc7 17.Bxg5 Qxc4 18.Bd2 Qxa2 19.Bc3 O-O-O 20.b3 Rhg8 21.Bb2 Rd7 22.Rd3 Rc7
23.Rhd1 b5 24.Qd6 Rd8 25.Qb4 Kb7 26.Bc3 Bxb3 27.cxb3 Rxc3+ 28.Qxc3 Rc8 29.Rd7+ Kb8
30.Qxc8+ Kxc8 31.Rxf7 Qxb3 32.Rdd7 Qe3+ 33.Kc2 Qe2+ 34.Kb3 Qc4+ 35.Kb2 Qe2+
36.Kb3 Qc4+ 37.Kb2 Qe2+ 38.Kb3 Qc4+  1/2-1/2

[Event "Rakovica"]
[Site "Belgrade"]
[Date "1982.??.??"]
[Round "?"]
[White "Govedarica, Radovan"]
[Black "Radulov, Ivan"]
[Result "1/2-1/2"]
[WhiteElo "2395"]
[BlackElo "2480"]

1.e4 c5 2.Nf3 Nc6 3.d4 cxd4 4.Nxd4 Nf6 5.Nc3 d6 6.Bg5 e6 7.Qd2 a6 8.O-O-O h6
9.Be3 Be7 10.f3 Nxd4 11.Bxd4 b5 12.h4 Qa5 13.Qe3 Rb8 14.e5 dxe5 15.Qxe5 Rb7
16.Bd3 Rd7 17.g4 Qc7 18.Nxb5 axb5 19.Bxb5 Bd6 20.Qe2 Ke7 21.Bxd7 Bxd7 22.g5 Nh5
23.Rhg1 hxg5 24.hxg5 Nf4 25.Qa6 Rh2 26.Rd2 Rxd2 27.Kxd2 Nh3 28.Rg2 Bf4+ 29.Kd1 Nxg5
30.Qa3+ Bd6 31.Qd3 f6 32.Qg6 e5 33.Qxg7+ Ke6 34.Rxg5 fxg5 35.Qg8+ Kf6 36.Be3 Bc6
37.Qxg5+ Ke6 38.Qg4+ Kf7 39.Qh5+ Ke6 40.Qg4+ Kf7 41.Qh5+ Ke6 42.Qg6+ Kd7
43.Qf5+ Ke8 44.Qe6+  1/2-1/2

[Event "HUN-ch"]
[Site "Budapest"]
[Date "1982.??.??"]
[Round "?"]
[White "Lengyel, Bela"]
[Black "Gyorkos, Lajos"]
[Result "1-0"]
[WhiteElo "2390"]
[BlackElo "2240"]

1.e4 c5 2.Nf3 d6 3.d4 cxd4 4.Nxd4 Nf6 5.Nc3 Nc6 6.Bg5 Bd7 7.Be2 a6 8.O-O e6
9.Qd2 Be7 10.Nb3 Qc7 11.Rad1 b5 12.Bxf6 gxf6 13.Qh6 Ne5 14.Nd4 Qc5 15.Kh1 b4
16.Nb1 Nc6 17.Qg7 Rf8 18.c3 bxc3 19.bxc3 Rb8 20.Qxh7 Qa5 21.Bc4 Ne5 22.Bb3 Ng6
23.Qh3 Rh8 24.Qg3 Qh5 25.f4 a5 26.f5 Nf8 27.Nd2 a4 28.Bc4 Rc8 29.h3 Qh6 30.Qd3 Rg8
31.Ba6 Rc5 32.Rb1 Qg5 33.Rf2 Qh4 34.Rf3 d5 35.Rb8+ Bd8 36.Nb5 Bc6 37.c4 Nd7
38.Nd6+ Ke7 39.Nc8+ Kf8 40.Rb1 Bc7 41.exd5 exd5 42.Qe3 Be5 43.cxd5 Rxd5 44.Qa3+ Nc5
45.Bf1 Rg4 46.Rc1 Bd4 47.Na7 Be8 48.Nc4 Rf4 49.g3 Rxf3 50.Qxf3 Qg5 51.Re1 Rd8
52.h4 Qg7 53.Bg2 Bd7 54.Rd1 Be8 55.Kh2 Rd7 56.Nb5 Be5 57.Nxe5 fxe5 58.f6 Qg6
59.Nd6 Qc2 60.Qa8 Rxd6 61.Rxd6 Ne6 62.Qb7  1-0

[Event "Elekes mem-B"]
[Site "Budapest"]
[Date "1982.??.??"]
[Round "?"]
[White "Paoli, Enrico"]
[Black "Riha, Vaclav"]
[Result "1/2-1/2"]
[WhiteElo "2220"]
[BlackElo "2285"]

1.e4 c5 2.Nf3 Nc6 3.d4 cxd4 4.Nxd4 Nf6 5.Nc3 d6 6.Bg5 e6 7.Qd2 Be7 8.O-O-O O-O
9.f3 Nxd4 10.Qxd4 Qa5 11.h4 Bd7 12.Bc4 b5 13.e5 dxe5 14.Qxe5 Rfc8 15.Bb3 Rc5
16.Qe1 Qd8 17.Ne4 Nxe4 18.Qxe4 Rac8 19.Rd2 Qe8 20.Rhd1 Bc6 21.Qe3 Kh8 22.Bf4 a5
23.Bd6 Bxd6 24.Rxd6 Ba8 25.Qxc5 Rxc5 26.Rd8 Rc8 27.Rxe8+ Rxe8 28.a4 Bc6 29.axb5 Bxb5
30.c4 Bc6 31.Rd6 Rc8 32.Kd2 Kg8 33.Kc3 Kf8 34.Bc2 Ke7 35.Rd1 h6 36.b3 e5
37.Be4 Bxe4 38.fxe4 Rc5 39.b4 axb4+ 40.Kxb4 Rc8 41.c5 Rb8+ 42.Kc4 Rb2 43.g3 Re2
44.Kd5 Kd7 45.Ra1 Rd2+ 46.Kxe5 Kc6 47.Rc1 Rg2 48.Rc3 Rf2 49.Kd4 Rd2+ 50.Ke3 Rg2
51.Kf3 Ra2 52.Kg4 Re2 53.Kf3 Ra2 54.Rd3 Kxc5 55.Rd7 Ra1 56.Kg4 Rf1 57.e5 g6
58.h5 gxh5+ 59.Kxh5 Rh1+ 60.Kg4 Rf1 61.Rd6 Rf2 62.Rxh6 Kd5 63.Kg5  1/2-1/2

[Event "Politiken Cup"]
[Site "Copenhagen"]
[Date "1982.??.??"]
[Round "8"]
[White "Ernst, Thomas"]
[Black "Heinbuch, Detlef"]
[Result "1-0"]
[WhiteElo "2355"]
[BlackElo "2300"]

1.e4 c5 2.Nf3 Nc6 3.d4 cxd4 4.Nxd4 Nf6 5.Nc3 d6 6.Bg5 e6 7.Qd2 a6 8.O-O-O Bd7
9.f4 Be7 10.Nf3 b5 11.Bxf6 Bxf6 12.Qxd6 Ra7 13.e5 Be7 14.Qd2 Qa5 15.Kb1 Bb4
16.Qd3 Bxc3 17.Qxc3 Qxc3 18.bxc3 Na5 19.Rd6 Bc6 20.Nd4 Bd5 21.Nb3 Nc4 22.Bxc4 bxc4
23.Nd4 h5 24.Rf1 h4 25.Rf2 a5 26.f5 Rh5 27.Rb6 Ke7 28.f6+ gxf6 29.exf6+ Kd7
30.Nb5 Rb7 31.Rd6+ Kc8 32.a4 Rd7 33.Ra6 Kb7 34.Ra7+ Kc6 35.Nd4+ Kd6 36.Rxa5 Ke5
37.Nc6+ Kd6 38.Nb4 Rb7 39.Kc1 Ke5 40.Nxd5 exd5 41.Ra8 Rf5 42.Rxf5+ Kxf5 43.a5 Kxf6
44.a6 Rb5 45.a7 Ra5 46.Kd2 Ra3 47.Ke3 Rxc3+ 48.Kd4 Ra3 49.Kxd5 c3 50.Kc4 Kg7
51.Kb4  1-0

[Event "Eksjo"]
[Site "Eksjo"]
[Date "1982.??.??"]
[Round "11"]
[White "Cramling, Dan"]
[Black "Schneider, Lars Ake"]
[Result "1/2-1/2"]
[WhiteElo "2345"]
[BlackElo "2435"]

1.Nf3 c5 2.e4 Nc6 3.d4 cxd4 4.Nxd4 Nf6 5.Nc3 d6 6.Bg5 e6 7.Qd2 a6 8.O-O-O Bd7
9.f4 b5 10.Nxc6 Bxc6 11.Qe3 Be7 12.Bxf6 Bxf6 13.e5 Be7 14.exd6 Bxd6 15.Qd4 Bf8
16.Qe3 Bd6 17.Qd4 Bf8 18.Qe3  1/2-1/2

[Event "CSR-ch"]
[Site "Frenstat"]
[Date "1982.??.??"]
[Round "1"]
[White "Mokry, Karel"]
[Black "Dobrovolsky, Ladislav"]
[Result "1-0"]
[WhiteElo "2420"]
[BlackElo "2395"]

1.e4 c5 2.Nf3 Nc6 3.d4 cxd4 4.Nxd4 Nf6 5.Nc3 d6 6.Bg5 e6 7.Qd2 a6 8.O-O-O h6
9.Be3 Nxd4 10.Bxd4 b5 11.f3 Be7 12.g4 Bb7 13.Qf2 b4 14.Na4 Qa5 15.Nb6 Qxa2
16.Bc4 Qa1+ 17.Kd2 Qa5 18.h4 Nd7 19.Nxa8 Bxa8 20.Ra1 Qc7 21.Rxa6 O-O 22.Ra7 Qxc4
23.Rxd7 Rc8 24.Rxe7 Qxc2+ 25.Ke3 Qb3+ 26.Kf4 e5+ 27.Kg3 exd4 28.Qxd4 d5 29.e5 Rc4
30.Qa7 h5 31.gxh5 Bb7 32.Re8+  1-0

[Event "CSR-ch"]
[Site "Frenstat"]
[Date "1982.??.??"]
[Round "12"]
[White "Jansa, Vlastimil"]
[Black "Trapl, Jindrich"]
[Result "1/2-1/2"]
[WhiteElo "2475"]
[BlackElo "2380"]

1.e4 c5 2.Nf3 Nc6 3.d4 cxd4 4.Nxd4 Nf6 5.Nc3 d6 6.Bg5 e6 7.Qd2 Be7 8.O-O-O O-O
9.f4 h6 10.Bh4 Bd7 11.Nf3 Qa5 12.Kb1 Rfc8 13.g4 b5 14.Bd3 Nb4 15.a3 Nxd3
16.Nd5 Qxd2 17.Nxe7+ Kf8 18.Rxd2 Kxe7 19.cxd3 e5 20.fxe5 dxe5 21.Nxe5 Be6
22.g5 Nxe4 23.gxh6+ g5 24.Re1 gxh4 25.Rxe4 Bf5 26.Rxh4 Bxd3+  1/2-1/2

[Event "Gausdal Young Men"]
[Site "Gausdal"]
[Date "1982.??.??"]
[Round "1"]
[White "Norgaard, Jesper"]
[Black "Pirttimaki, Timo"]
[Result "0-1"]
[WhiteElo "2265"]
[BlackElo "2335"]

1.e4 c5 2.Nf3 d6 3.d4 cxd4 4.Nxd4 Nf6 5.Nc3 Nc6 6.Bg5 e6 7.Qd2 Be7 8.O-O-O O-O
9.f4 h6 10.Bh4 Bd7 11.Ndb5 Nxe4 12.Bxe7 Nxd2 13.Bxd8 Nxf1 14.Rhxf1 Rfxd8
15.Nxd6 Rab8 16.g4 e5 17.f5 Nd4 18.Nce4 f6 19.Rf2 Bc6 20.c3 Nb5 21.Nxb5 Rxd1+
22.Kxd1 Bxe4 23.Ke2 Bd5 24.b3 a6 25.Na3 Kf8 26.Ke3 Ke7 27.Nc2 a5 28.Ne1 b5
29.Nd3 Rc8 30.Kd2 Kd6 31.Nb2 e4 32.Nd1 a4 33.Kc2 Ke5 34.Ne3 Rd8 35.h4 Bf7
36.g5 hxg5 37.Ng4+ Kd6 38.hxg5 axb3+ 39.axb3 fxg5 40.f6 gxf6 41.Rxf6+ Be6
42.Nh6 Ke5 43.Rg6 e3 44.Rxg5+ Kf4 45.Rg2 Kf3 46.Rg6 Rd2+ 47.Kb1 Bxb3 48.Rf6+ Ke4
49.Rf8 Rd6 50.Nf5 Rd1+ 51.Kb2 Be6 52.Ng3+ Ke5 53.Rf3 Re1 54.Kc2 Bg4 55.Rf8 Rg1
56.Re8+ Kf4 57.Re4+ Kf3 58.Kd3 Bf5  0-1

[Event "Jarvenpaa"]
[Site "Jarvenpaa"]
[Date "1982.??.??"]
[Round "2"]
[White "Westerinen, Heikki MJ"]
[Black "Maki, Veijo"]
[Result "1/2-1/2"]
[WhiteElo "2410"]
[BlackElo "2315"]

1.e4 c5 2.Nf3 d6 3.d4 cxd4 4.Nxd4 Nf6 5.Nc3 Nc6 6.Bg5 e6 7.Qd2 Be7 8.O-O-O O-O
9.f4 Nxd4 10.Qxd4 Qa5 11.Bc4 Bd7 12.e5 dxe5 13.fxe5 Bc6 14.Bd2 Nd7 15.Nd5 Qd8
16.Nxe7+ Qxe7 17.Rhe1 Nb6 18.Bd3 Rad8 19.Qg4 Rxd3 20.cxd3 Ba4 21.Bh6 f5 22.exf6 Qxf6
23.Be3 Bxd1 24.Rxd1 Nd5 25.Qe4 Nxe3 26.Qxe3 Qf4  1/2-1/2

[Event "Jarvenpaa"]
[Site "Jarvenpaa"]
[Date "1982.??.??"]
[Round "5"]
[White "Maki, Veijo"]
[Black "Schneider, Lars Ake"]
[Result "1/2-1/2"]
[WhiteElo "2315"]
[BlackElo "2455"]

1.e4 c5 2.Nf3 d6 3.d4 cxd4 4.Nxd4 Nf6 5.Nc3 Nc6 6.Bg5 e6 7.Qd2 a6 8.O-O-O Bd7
9.f4 Be7 10.Nf3 b5 11.Bxf6 Bxf6 12.Qxd6 Be7 13.Qd2 b4 14.Na4 Ra7 15.Qe3 Qa5
16.b3 Rb7 17.Nd2 Na7 18.Nc4 Qc7 19.e5 Nb5 20.Bd3 O-O 21.Be4 Ra7 22.Rd3 Na3
23.Qh3 h6 24.Rg3 Kh8 25.Rxg7 Kxg7 26.Qg4+ Kh8 27.Qh5 Kg7 28.Qg4+ Kh8  1/2-1/2

[Event "Luzern ol (Men)"]
[Site "Luzern"]
[Date "1982.??.??"]
[Round "3"]
[White "Liang Jinrong"]
[Black "Wong, M."]
[Result "1-0"]
[WhiteElo "2385"]
[BlackElo "2290"]

1.e4 c5 2.Nf3 d6 3.d4 cxd4 4.Nxd4 Nf6 5.Nc3 Nc6 6.Bg5 e6 7.Qd2 a6 8.O-O-O Bd7
9.f4 b5 10.Bxf6 gxf6 11.Nxc6 Bxc6 12.Qe1 Qe7 13.Bd3 h5 14.Kb1 Qa7 15.f5 Qc5
16.fxe6 fxe6 17.Nd5 O-O-O 18.Nf4 Re8 19.Rf1 Bh6 20.Qa5 Kb7 21.Ng6 Rh7 22.Rxf6 Bg5
23.Rff1 e5 24.g3 Rg7 25.Nh4 Bd8 26.Qd2 Bxh4 27.gxh4 d5 28.exd5 Bxd5 29.Bxb5 Bxa2+
30.Kxa2 axb5 31.Kb1 Qc6 32.Rf5 e4 33.Qb4 Ka8 34.Rxb5 Rc8 35.Ra5+ Ra7 36.c3 e3
37.Rxa7+ Kxa7 38.Qe7+ Kb8 39.Qxe3 Qg6+ 40.Qd3  1-0

[Event "Luzern ol (Men)"]
[Site "Luzern"]
[Date "1982.??.??"]
[Round "6"]
[White "Garcia Martinez, Silvino"]
[Black "Zueger, Beat"]
[Result "1/2-1/2"]
[WhiteElo "2440"]
[BlackElo "2340"]

1.e4 c5 2.Nf3 Nc6 3.d4 cxd4 4.Nxd4 Nf6 5.Nc3 d6 6.Bg5 e6 7.Qd2 a6 8.O-O-O Bd7
9.f3 h6 10.Be3 b5 11.Kb1 Qc7 12.h4 Nxd4 13.Bxd4 b4 14.Bxf6 gxf6 15.Ne2 a5
16.Nd4 Qc5 17.f4 Rc8 18.Rh3 Qb6 19.Re3 Rc7 20.Be2 Be7 21.Bh5 Kf8 22.Rg3 Qc5
23.Qe2 e5 24.fxe5 dxe5 25.Nf5 Bxf5 26.exf5 Qc4 27.Qd2 Qxh4 28.Qd5 Qc4 29.Qd2 Qh4
30.Rh3 Qf4 31.Qxf4 exf4 32.Rh4 Rg8 33.Bf3 Kg7 34.Rdh1 Rh8 35.Rg4+ Kf8 36.Rxf4 Bd6
37.Rd4 Ke7 38.Re1+ Be5 39.Rd5 Rhc8 40.Re2  1/2-1/2

[Event "Luzern ol (Men)"]
[Site "Luzern"]
[Date "1982.??.??"]
[Round "7"]
[White "Fernandez, A."]
[Black "Trepp, Markus"]
[Result "0-1"]
[WhiteElo "2340"]
[BlackElo "2220"]

1.e4 c5 2.Nf3 Nc6 3.d4 cxd4 4.Nxd4 Nf6 5.Nc3 d6 6.Bg5 e6 7.Qd2 a6 8.O-O-O h6
9.Be3 Bd7 10.f3 b5 11.Kb1 Rb8 12.g4 Nxd4 13.Bxd4 b4 14.Ne2 e5 15.Be3 Be6
16.g5 hxg5 17.Bxg5 d5 18.Ng3 Qa5 19.b3 Rd8 20.Qe2 dxe4 21.fxe4 Rxd1+ 22.Qxd1 Bc5
23.Be2 Bd4 24.Qf1 Qc5 25.Bd2 Rh4 26.Bd3 Rf4 27.Qe1 Bc3 28.Bxc3 bxc3 29.Ne2 Nxe4
30.Nxf4 Nd2+ 31.Ka1 exf4 32.Qg1 Qa3 33.Qc1 Qa5 34.Re1 f3 35.Bc4 f2 36.Rf1 Bxc4
37.Rxf2 Bxb3 38.a3 Bxc2 39.Qxc2 Qxa3+ 40.Qa2 Qc1+  0-1

[Event "Luzern ol (Men)"]
[Site "Luzern"]
[Date "1982.??.??"]
[Round "8"]
[White "Farooqui, Zahiruddin"]
[Black "Williams, Arthur H"]
[Result "0-1"]
[WhiteElo "2285"]
[BlackElo "2390"]

1.e4 c5 2.Nf3 Nc6 3.d4 cxd4 4.Nxd4 Nf6 5.Nc3 d6 6.Bg5 e6 7.g3 Be7 8.Bg2 Qa5
9.Be3 O-O 10.O-O Ne5 11.Qe2 Bd7 12.Rad1 Rac8 13.h3 Nc4 14.Bc1 b5 15.Nb3 Qb6
16.a3 a5 17.Nb1 b4 18.axb4 axb4 19.Nd4 Ne5 20.Be3 Qb8 21.Nd2 Rfe8 22.f4 Nc6
23.c4 bxc3 24.bxc3 Nxd4 25.Bxd4 e5 26.Rb1 Qc7 27.Be3 Qxc3 28.f5 h6 29.Kh2 Ba4
30.Ra1 Bb5 31.Qxb5 Qxe3 32.Ra2 d5 33.exd5 e4 34.Rd1 Bd6 35.Nf1 Qg5 36.Ra6 e3
37.Rxd6 e2 38.Re1 exf1=N+ 39.Qxf1 Rc3 40.Qf2 Rxe1 41.Qxe1 Re3 42.Qf2 Re5
43.Qd4 Qxf5 44.Rd8+ Kh7 45.d6 Re2 46.d7 Qc2 47.Qg1 Qc7 48.Qb1+ g6 49.Rb8 Qxd7
50.Rb2 Re7 51.Qf1 Qd4 52.Re2 Rxe2 53.Qxe2 Kg7 54.Qf3 Qe5 55.Kg1 Nh5 56.Kh2 Qe1
57.Qd3 Qa1 58.Qd6 Qb2 59.Qd1 Nf6 60.Qf3 Nh7 61.Qb7 Qxb7 62.Bxb7 Kf6 63.Bc6 Ke6
64.Kg2 g5 65.Kf3 f5 66.Bb7 Ke5 67.Bc6 Nf8 68.Bb7 Ng6 69.Bc8 h5 70.Bd7 h4
71.Be8 Nf8 72.gxh4 gxh4 73.Bc6 Ne6 74.Bb7 Ng5+ 75.Kg2 Kf4 76.Bc8 Ke4 77.Bb7+ Ke5
78.Bc8 Kf4 79.Bd7 Ne4 80.Bc8 Nd6 81.Bd7 Ke3 82.Bc6 Nf7 83.Bd7 f4 84.Bg4 Ng5
85.Bc8 f3+ 86.Kh2 Ke2 87.Ba6+ Ke1 88.Bb7 f2 89.Ba6 f1=Q  0-1

[Event "Luzern ol (Men)"]
[Site "Luzern"]
[Date "1982.??.??"]
[Round "8"]
[White "Campos Lopez, Mario"]
[Black "Ceschia, Ivano"]
[Result "1/2-1/2"]
[WhiteElo "2330"]
[BlackElo "2285"]

1.e4 c5 2.Nf3 d6 3.d4 cxd4 4.Nxd4 Nf6 5.Nc3 Nc6 6.Bg5 Bd7 7.Qd2 Rc8 8.f4 Nxd4
9.Qxd4 Qa5 10.e5 dxe5 11.fxe5 e6 12.Bxf6 gxf6 13.O-O-O Bc6 14.Ne4 Rd8 15.Nxf6+ Ke7
16.Qxd8+ Qxd8 17.Rxd8 Kxd8 18.Bd3 Bh6+ 19.Kb1 Bf4 20.Re1 Bxg2 21.Re2 Bc6
22.b4 Ke7 23.Nxh7 Bb5 24.Bxb5 Rxh7 25.a4 Rxh2 26.Re4 Rh4 27.c3 Bg3 28.Re3 Bf4
29.Re4 Bg5 30.Re2 Bf4  1/2-1/2

[Event "Luzern ol (Men)"]
[Site "Luzern"]
[Date "1982.??.??"]
[Round "8"]
[White "Leow Leslie M"]
[Black "Mascarinas, Rico"]
[Result "1/2-1/2"]
[WhiteElo "2375"]
[BlackElo "2410"]

1.e4 c5 2.Nf3 Nc6 3.d4 cxd4 4.Nxd4 Nf6 5.Nc3 d6 6.Bg5 e6 7.Qd2 a6 8.O-O-O Bd7
9.f4 b5 10.Bxf6 gxf6 11.f5 Nxd4 12.Qxd4 Bh6+ 13.Kb1 Bf4 14.Ne2 Be5 15.Qd2 Qb6
16.fxe6 fxe6 17.Nf4 O-O-O 18.g3 Kb8 19.Bh3 Rhe8 20.Rhf1 Bc8 21.Rf3 Qc5 22.Rb3 Bxf4
23.gxf4 Bb7 24.Rc3 Qb6 25.Bg2 Rg8 26.Rg3 Rxg3 27.hxg3 Rg8 28.Qe1 Qc5 29.b3 b4
30.Bh3 f5 31.exf5 exf5 32.Qe6 Rxg3 33.Bxf5 Rg1 34.Rxg1 Qxg1+ 35.Kb2 Qd4+
36.Kb1  1/2-1/2

[Event "Luzern ol (Men)"]
[Site "Luzern"]
[Date "1982.??.??"]
[Round "11"]
[White "Kavakul, Maijai"]
[Black "Lamford, Paul A"]
[Result "1/2-1/2"]
[WhiteElo "2265"]
[BlackElo "2275"]

1.e4 c5 2.Nf3 Nc6 3.d4 cxd4 4.Nxd4 Nf6 5.Nc3 d6 6.Bg5 e6 7.Qd2 Be7 8.f4 O-O
9.O-O-O Nxd4 10.Qxd4 Qa5 11.Kb1 h6 12.Bh4 e5 13.Qd2 Nxe4 14.Nxe4 Qxd2 15.Rxd2 Bxh4
16.g3 Be7 17.Be2 exf4 18.gxf4 d5 19.Rxd5 Be6 20.Rb5 b6 21.f5 Bd7 22.Re5 Rfe8
23.Rd1 f6 24.Rxd7 fxe5 25.Bh5 g6 26.fxg6 Bh4 27.c3 Re7 28.Rd5 Rf8 29.Kc2 Kg7
30.Kd3 Rf5 31.Bg4 Rf4 32.Bh5 Rf5 33.Bg4 Rf4 34.Bh5 Bg5 35.Rd6 Rh4 36.Ng3 e4+
37.Ke2 Rf4 38.Bg4 Rf6 39.Nf5+ Rxf5 40.Bxf5 Bf4 41.Rd4 Bxh2 42.Rxe4 Re5 43.Rxe5 Bxe5
44.Kd3 a5 45.Ke4 Bg3 46.Kd5 Bf2 47.Ke6 Be3 48.Bd3 Bc1 49.b3 Bb2 50.c4 Ba3
51.Be4 Bc5 52.Kd5 Kf6 53.Kc6 h5 54.a3 h4 55.b4 axb4 56.axb4 Bxb4 57.Kxb6 h3
58.c5 Bxc5+ 59.Kxc5  1/2-1/2

[Event "Luzern ol (Men)"]
[Site "Luzern"]
[Date "1982.??.??"]
[Round "11"]
[White "Jansa, Vlastimil"]
[Black "Bielczyk, Jacek"]
[Result "1-0"]
[WhiteElo "2455"]
[BlackElo "2390"]

1.e4 c5 2.Nf3 Nc6 3.d4 cxd4 4.Nxd4 Nf6 5.Nc3 d6 6.Bg5 e6 7.Qd2 Be7 8.O-O-O O-O
9.f4 h6 10.Bh4 e5 11.Nf5 Bxf5 12.exf5 Qa5 13.Kb1 Rfe8 14.Bxf6 Bxf6 15.Nd5 Qxd2
16.Rxd2 exf4 17.Nxf6+ gxf6 18.Be2 Re3 19.Bf3 Rd8 20.b3 Kf8 21.Rf1 Re5 22.Bxc6 bxc6
23.Rxf4 Ke7 24.Rh4 Rxf5 25.Rxh6 Rg8 26.Rh4 Rfg5 27.g3 Rg4 28.Re2+ Kd7 29.Rh7 R8g7
30.Rxg7 Rxg7 31.Kc1 Rg4 32.Kd2 Rd4+ 33.Ke3 Rd1 34.Kf4 d5 35.h4 Rh1 36.Kf3 Rd1
37.Kg2 Rd4 38.h5 Rg4 39.Kf3 Rg5 40.Rh2 Rf5+ 41.Kg4 Rg5+ 42.Kf4 Ke6  1-0

[Event "Luzern ol (Men)"]
[Site "Luzern"]
[Date "1982.??.??"]
[Round "12"]
[White "Rodriguez, Amador"]
[Black "West, Guy"]
[Result "1/2-1/2"]
[WhiteElo "2480"]
[BlackElo "2230"]

1.e4 c5 2.Nf3 Nc6 3.d4 cxd4 4.Nxd4 Nf6 5.Nc3 d6 6.Bg5 Bd7 7.Be2 Qa5 8.Bxf6 gxf6
9.Nb3 Qg5 10.g3 f5 11.f4 Qg6 12.Bh5 Qh6 13.Nd5 O-O-O 14.exf5 Bxf5 15.O-O e6
16.Ne3 Be4 17.Bxf7 Qf6 18.Bh5 Qxb2 19.Bf3 Qc3 20.Re1 Bxf3 21.Qxf3 h5 22.Qe4 Rh6
23.Rad1 d5 24.Qd3 Qg7 25.Nd4 Bc5 26.Nxc6 bxc6 27.Rb1 Kc7 28.Kg2 Qd4 29.Qxd4 Bxd4
30.Rb3  1/2-1/2

[Event "Luzern ol (Men)"]
[Site "Luzern"]
[Date "1982.??.??"]
[Round "12"]
[White "Unzicker, Wolfgang"]
[Black "Radulov, Ivan"]
[Result "1/2-1/2"]
[WhiteElo "2465"]
[BlackElo "2480"]

1.e4 c5 2.Nf3 Nc6 3.d4 cxd4 4.Nxd4 Nf6 5.Nc3 d6 6.Bg5 e6 7.Qd2 a6 8.O-O-O h6
9.Bf4 Bd7 10.Nxc6 Bxc6 11.f3 d5 12.Qe1 Be7 13.exd5 Nxd5 14.Nxd5 Bxd5 15.Bc4 Bg5
16.Be3 O-O 17.Bxd5 exd5 18.Bxg5 Qxg5+ 19.Qd2 Qf6 20.Qd4 Qg5+ 21.f4 Qf5 22.g3 Rfd8
23.Rhe1 Rac8 24.Qd3 Qd7 25.Re5 Qc6 26.Rd2 d4 27.Qe4 Qc4 28.Kb1 Qf1+ 29.Qe1 Qf3
30.Qe2 Qc6 31.a3 Rd5 32.Rxd5 Qxd5 33.Qd1 Rd8 34.Rd3 Qe4 35.Ka1 Rc8 36.Kb1 Rd8
37.Ka1  1/2-1/2

[Event "Luzern ol (Men)"]
[Site "Luzern"]
[Date "1982.??.??"]
[Round "12"]
[White "Liu Wenzhe"]
[Black "Trepp, Markus"]
[Result "1-0"]
[WhiteElo "2400"]
[BlackElo "2220"]

1.e4 c5 2.Nf3 Nc6 3.d4 cxd4 4.Nxd4 Nf6 5.Nc3 d6 6.Bg5 e6 7.Qd2 a6 8.O-O-O h6
9.Be3 Bd7 10.f3 b5 11.h4 Nxd4 12.Qxd4 Qc7 13.g4 Rb8 14.Kb1 b4 15.Ne2 Bc6
16.Bg2 e5 17.Qd2 d5 18.g5 dxe4 19.f4 Ng4 20.fxe5 hxg5 21.Nd4 Bd5 22.Bxg5 Nxe5
23.Nf5 Be6 24.Bxe4 f6 25.Bf4 Rb5 26.Nd4  1-0